| Tag |
First Indicator |
Second Indicator |
Subfields |
| LEADER |
00000cam a2200000 i 4500 |
| 001 |
in00004405821 |
| 005 |
20210422112932.0 |
| 006 |
m o d |
| 007 |
cr cnu---unuuu |
| 008 |
191007s2020 dcu ob 101 0 eng |
| 010 |
|
|
|a 2019041785
|
| 020 |
|
|
|a 9781626168053
|q electronic book
|
| 020 |
|
|
|a 1626168059
|q electronic book
|
| 020 |
|
|
|z 9781626168039
|q hardcover
|
| 020 |
|
|
|z 9781626168046
|q paperback
|
| 035 |
|
|
|a 6454097
|
| 037 |
|
|
|a 22573/ctv138c7dj
|b JSTOR
|
| 040 |
|
|
|a NhCcYBP
|c NhCcYBP
|d UtOrBLW
|
| 042 |
|
|
|a pcc
|
| 050 |
|
4 |
|a JZ5675
|b .W67 2020
|
| 072 |
|
7 |
|a REL
|x 067070
|2 bisacsh
|
| 072 |
|
7 |
|a REL
|x 084000
|2 bisacsh
|
| 072 |
|
7 |
|a POL
|x 034000
|2 bisacsh
|
| 072 |
|
7 |
|a POL
|x 001000
|2 bisacsh
|
| 082 |
0 |
0 |
|a 327.1/747
|2 23
|
| 245 |
0 |
2 |
|a A world free from nuclear weapons :
|b the Vatican conference on disarmament /
|c Drew Christiansen, SJ, and Carole Sargent, editors.
|
| 264 |
|
1 |
|a Washington, DC :
|b Georgetown University Press,
|c [2020]
|
| 300 |
|
|
|a 1 online resource.
|
| 336 |
|
|
|a text
|b txt
|2 rdacontent
|
| 337 |
|
|
|a computer
|b c
|2 rdamedia
|
| 338 |
|
|
|a online resource
|b cr
|2 rdacarrier
|
| 500 |
|
|
|a "A conference from the Holy See's Disastery for Promoting Integral Human Development, November 10-11, 2017. Nobel laureates, religious leaders, senior diplomats, scholars."
|
| 504 |
|
|
|a Includes bibliographical references and index.
|
| 505 |
0 |
|
|a Introduction : toward a positive peace / Drew Christiansen, S.J. -- Address of His Holiness Pope Francis -- Address of Cardinal Pietro Parolin -- Surviving the atomic bomb / Masako Wada -- Hiroshima heritage and the role of companies in city reconstruction : how this experience shaped today's values / Bruno Mueller -- To His Holiness Pope Francis on the occasion of the international conference -- Nuclear weapons : confronting armageddon / Mohamed ElBaradei -- For the disarmament of injustice (Por el desarme de la injusticia) / Adolfo Pérez Esquivel -- Would human beings survive another century? / Muhammad Yunus -- The achievement that the International Campaign to Abolish Nuclear Weapons can offer for the future work of NGOs / Beatrice Fihn -- Nukes, landmines & killer robots / Jody Williams -- The peace process in Northern Ireland / Mairead Corrigan-Maguire -- The UN Conference to Negotiate a Legally Binding Instrument to Ban Nuclear Weapons : a debate / Rose Gottemoeller -- Beyond nuclear deterrence : transforming the U.S.-Russian equation / Alexei Georgevich Arbatov -- International diplomacy and international security issues / Izumi Nakamitsu -- The humanitarian initiative as a condition for the ban on nuclear weapons / François Bugnion -- The role of civil society / Susi Snyder -- The risks of nuclear war today (by mistake, miscalculation, escalation...) / Paolo Cotta-Ramusino -- Reconciliation and disarmament / Marie-Noëlle Koyara -- Dealing with weapons of mass destruction in the Middle East / Emily Landau -- Nuclear proliferation in the Middle East : resolving the deadlock / Ayman Khalil -- The role of international diplomacy and international organizations / Thomas Stelzer -- We must do no less / Monsignor Robert W. McElroy -- Transforming the human spirit / Hiromasa Ikeda -- Migrations and wars / Monica Attias -- The social and moral responsibilities of knowledge workers / Fr. Drew Christiansen, S.J. -- Salutations / H.E. Cardinal Peter K.A. Turkson -- Afterword : the Holy See and nuclear disarmament : achievements and challenges / H.E. Archbishop S.M. Tomasi.
|
| 588 |
|
|
|a Description based on online resource; title from digital title page (viewed on July 08, 2020).
|
| 500 |
|
|
|a Electronic resource.
|
| 650 |
|
0 |
|a Nuclear disarmament
|v Congresses.
|0 http://id.loc.gov/authorities/subjects/sh2008108350
|
| 650 |
|
0 |
|a Disarmament
|v Congresses.
|0 http://id.loc.gov/authorities/subjects/sh2008102292
|
| 650 |
|
0 |
|a Peace
|v Congresses.
|0 http://id.loc.gov/authorities/subjects/sh2008108995
|
| 650 |
|
0 |
|a Security, International
|v Congresses.
|0 http://id.loc.gov/authorities/subjects/sh2008111467
|
| 655 |
|
7 |
|a Electronic books.
|2 local
|
| 700 |
1 |
|
|a Christiansen, Drew,
|e editor.
|0 http://id.loc.gov/authorities/names/no95004337
|
| 700 |
1 |
|
|a Sargent, Carole,
|e editor.
|0 http://id.loc.gov/authorities/names/n95092108
|
| 776 |
1 |
8 |
|i Print version:
|t A world free from nuclear weapons
|d Washington, DC : Georgetown University Press, 2020.
|z 9781626168039
|w (DLC) 2019041784
|
| 856 |
4 |
0 |
|u http://proxy.library.tamu.edu/login?url=https://www.jstor.org/stable/10.2307/j.ctv13843h1
|z Connect to the full text of this electronic book
|t 0
|
| 955 |
|
|
|a JSTOR DDA record
|
| 999 |
f |
f |
|s 2c2d9e41-1087-37fa-88c3-b6b02732273c
|i b67d7d3e-44f0-3cd3-800a-1019ff76d1be
|t 0
|
| 952 |
f |
f |
|a Texas A&M University
|b College Station
|c Electronic Resources
|d Available Online
|t 0
|e JZ5675 .W67 2020
|h Library of Congress classification
|
| 998 |
f |
f |
|a JZ5675 .W67 2020
|t 0
|l Available Online
|